| 000 | 00767 a2200205 4500 | ||
|---|---|---|---|
| 003 | Nust | ||
| 005 | 20170207154025.0 | ||
| 020 | _a0-7645-4860-3 (pbk) | ||
| 040 | _cNust | ||
| 082 | _a005.446 | ||
| 082 | _a005.4469 | ||
| 100 | 1 | _aSimpson, Alan | |
| 245 | 0 | 0 |
_aAlan Simpson's Windows XP bible (E-BOOK) _cAlan Simpson with Brian Underdahl |
| 260 |
_aNew York : _bHungry Minds, _ccop. 2001 |
||
| 300 |
_axxxiii, 902 s.: _bill. |
||
| 505 | _a Part I Know This or Suffer, Part II Becoming an Internet Guru, Part III Have It Your Way, Part IV Growth, Maintenance, and General Tweaking, Part V Work and Play, Part VI Local Area Networks, Part VII Advanced Stuff, Part VIII Appendices. | ||
| 651 | _aE-BOOK | ||
| 700 | 1 |
_aUnderdahl, Brian _4oth |
|
| 740 | 0 | _aWindows XP bible | |
| 942 |
_2ddc _cBK |
||
| 999 |
_c191864 _d191864 |
||